| 000 | 00449nam a2200181Ia 4500 | ||
|---|---|---|---|
| 003 | GCL | ||
| 008 | 140319s9999 xx 000 0 eng d | ||
| 040 |
_aGCL / _cGCL |
||
| 082 | 0 | 4 |
_a720.9561 _bA A |
| 100 | 1 | _aAKURGAL, EKREM | |
| 245 | 1 | 0 |
_aL'ART EN TURQUIE / _cAKURGAL, EKREM |
| 260 |
_a[S.N] : _bOFFICE DU LIVRE ، _c1981 |
||
| 300 | _a268 P | ||
| 650 | 0 | 4 | _aART - TURKY |
| 650 | 0 | 4 | _aARTS |
| 650 | 0 | 4 | _aARCHITECTURE, TURKEY |
| 942 |
_2ddc _cBK |
||
| 999 |
_c13971 _d13971 |
||